<?xml version="1.0" encoding="UTF-8"?>
<record
    xmlns:xsi="http://www.w3.org/2001/XMLSchema-instance"
    xsi:schemaLocation="http://www.loc.gov/MARC21/slim http://www.loc.gov/standards/marcxml/schema/MARC21slim.xsd"
    xmlns="http://www.loc.gov/MARC21/slim">

  <leader>04733cam a2200577Ii 4500</leader>
  <controlfield tag="001">DIGPOLIF0007</controlfield>
  <controlfield tag="003">NyNyDIG</controlfield>
  <controlfield tag="008">131001s2010    sp a    ob    100 0 spa d</controlfield>
  <controlfield tag="006">m     o  d        </controlfield>
  <controlfield tag="007">cr |||||||||||</controlfield>
  <datafield tag="035" ind1=" " ind2=" ">
    <subfield code="a">(OCoLC)992036149</subfield>
  </datafield>
  <datafield tag="040" ind1=" " ind2=" ">
    <subfield code="a">DGITA</subfield>
    <subfield code="b">eng</subfield>
    <subfield code="e">rda</subfield>
    <subfield code="e">pn</subfield>
    <subfield code="c">DGITA</subfield>
  </datafield>
  <datafield tag="020" ind1=" " ind2=" ">
    <subfield code="z">9788496813380</subfield>
  </datafield>
  <datafield tag="020" ind1=" " ind2=" ">
    <subfield code="z">849681338X</subfield>
  </datafield>
  <datafield tag="020" ind1=" " ind2=" ">
    <subfield code="z">9788496813359</subfield>
    <subfield code="q">(obra completa)</subfield>
  </datafield>
  <datafield tag="020" ind1=" " ind2=" ">
    <subfield code="z">8496813355</subfield>
    <subfield code="q">(obra completa)</subfield>
  </datafield>
  <datafield tag="043" ind1=" " ind2=" ">
    <subfield code="a">e-sp---</subfield>
    <subfield code="a">e-it---</subfield>
  </datafield>
  <datafield tag="050" ind1="1" ind2="4">
    <subfield code="a">DP185 ebook</subfield>
  </datafield>
  <datafield tag="082" ind1="0" ind2="4">
    <subfield code="a">946.052</subfield>
  </datafield>
  <datafield tag="245" ind1="0" ind2="0">
    <subfield code="a">Centros de poder italianos en la monarqu&#xED;a hisp&#xE1;nica (siglos XV-XVIII).</subfield>
    <subfield code="n">Volumen III /</subfield>
    <subfield code="c">J. Mart&#xED;nez Mill&#xE1;n, M. Rivero Rodr&#xED;guez (coords.).</subfield>
  </datafield>
  <datafield tag="264" ind1=" " ind2="1">
    <subfield code="a">Madrid :</subfield>
    <subfield code="b">Ediciones Polifemo,</subfield>
    <subfield code="c">[2010]</subfield>
  </datafield>
  <datafield tag="300" ind1=" " ind2=" ">
    <subfield code="a">1 online resource.</subfield>
  </datafield>
  <datafield tag="336" ind1=" " ind2=" ">
    <subfield code="a">text</subfield>
    <subfield code="b">txt</subfield>
    <subfield code="2">rdacontent</subfield>
  </datafield>
  <datafield tag="337" ind1=" " ind2=" ">
    <subfield code="a">computer</subfield>
    <subfield code="b">c</subfield>
    <subfield code="2">rdamedia</subfield>
  </datafield>
  <datafield tag="338" ind1=" " ind2=" ">
    <subfield code="a">online resource</subfield>
    <subfield code="b">cr</subfield>
    <subfield code="2">rdacarrier</subfield>
  </datafield>
  <datafield tag="490" ind1="1" ind2=" ">
    <subfield code="a">Colecci&#xF3;n La Corte en Europa. Temas ;</subfield>
    <subfield code="v">3:3</subfield>
  </datafield>
  <datafield tag="500" ind1=" " ind2=" ">
    <subfield code="a">Papers of the Congreso Internacional "Centros de Poder Italianos en la Monarqu&#xED;a Hisp&#xE1;nica (siglos XV-XVIII) held at the Universidad Aut&#xF3;noma de Madrid and sponsored by the Fundaci&#xF3;n L&#xE1;zaro Galdiano during December 10-12, 2008.</subfield>
  </datafield>
  <datafield tag="504" ind1=" " ind2=" ">
    <subfield code="a">Includes bibliographical references.</subfield>
  </datafield>
  <datafield tag="505" ind1="0" ind2=" ">
    <subfield code="a">Le origini della festa della Resurrezione in piazza Navona : da cerimonia religiosa a manifesto di potere della comunit&#xE1; spagnola a Roma / Anna d'Amelio -- Il segretario Juan de Lezcano e la sua collezione di dipinti italiani / Antonio Vannugli -- Las relaciones art&#xED;sticas de la familia della Rovere con la corte espa&#xF1;ola durante el reinado de Felipe II en la correspondencia del Archivo de Estado de Florencia / Almudena P&#xE9;rez de Tudela Gabald&#xF3;n -- Modelos de pol&#xED;tica cultural en N&#xE1;poles (siglo XVII) / Isabel Enciso Alonso-Mu&#xF1;umer -- El c&#xED;rculo de pintores italianos en la corte de Felipe IV / Mar&#xED;a A. Vizca&#xED;no -- Los nuncios en la corte de Felipe IV como agentes del arte y la cultura / David Garc&#xED;a Cueto -- El VII marqu&#xE9;s del Carpio : Italia y lo italiano en la corte madrile&#xF1;a / Leticia de Frutos -- Arte e potere : la politica culturale di I&#xF1;igo V&#xE9;lez de Guevara, VIII conde de O&#xF1;ate, ed il Theatrum Omnium Scientiarum / Alessandra Anselmi -- Alcune note inedite per Ribera e il collezionismo del duca di Medina de las Torres, vicer&#xE9; di Napoli / Antonio Ernesto Denunzio -- La influencia de los modelos culturales italianos en el &#xE1;mbito dom&#xE9;stico : las casas principales del pr&#xED;ncipe P&#xED;o de Saboyaen el Madrid del siglo XVIII / Natalia Gonz&#xE1;lez Heras -- Noticia sobre Giulio Alberoni y las artes durante su estancia en la corte espa&#xF1;ola (1713-1719) / Mercedes Simal L&#xF3;pez -- "Pien d'infinita e nobil meraviglia," o, la pervivencia de Petrarca en el tono humano del barroco hisp&#xE1;nico / Lola Josa, Mariano Lambea -- La m&#xFA;sica italiana en el discurso del poder de Felipe V / Bego&#xF1;a Lolo -- M&#xFA;sica y m&#xFA;sicos italianos en el Monasterio del Escorialdurante las Jornadas del siglo XVIII (1700-1759) / Gustavo S&#xE1;nchez -- Farinelli y Scarlatti : las dos caras de Jano en la corte borb&#xF3;nica (1737-1757) / Jaime Tortella -- La m&#xFA;sica de c&#xE1;mara en la corte espa&#xF1;ola (1770-1805) : patronazgo y relaciones de poder en la biograf&#xED;a de Luigi Boccherini y Gaetano Brunetti / Germ&#xE1;n Labrador L&#xF3;pez de Azcona -- "El sainete interrumpido" : il metalinguaggio di Boccherini e l'estetica dell'Illuminismo / Marco Mangani.</subfield>
  </datafield>
  <datafield tag="546" ind1=" " ind2=" ">
    <subfield code="a">Text in Spanish and Italian.</subfield>
  </datafield>
  <datafield tag="588" ind1="0" ind2=" ">
    <subfield code="a">Online resource; title from PDF title page (Digitalia, viewed March 15, 2019)</subfield>
  </datafield>
  <datafield tag="650" ind1=" " ind2="0">
    <subfield code="a">Courts and courtiers.</subfield>
  </datafield>
  <datafield tag="651" ind1=" " ind2="0">
    <subfield code="a">Spain</subfield>
    <subfield code="x">Foreign relations</subfield>
    <subfield code="z">Italy.</subfield>
  </datafield>
  <datafield tag="651" ind1=" " ind2="0">
    <subfield code="a">Italy</subfield>
    <subfield code="x">Foreign relations</subfield>
    <subfield code="z">Spain.</subfield>
  </datafield>
  <datafield tag="651" ind1=" " ind2="0">
    <subfield code="a">Spain</subfield>
    <subfield code="x">Politics and government.</subfield>
  </datafield>
  <datafield tag="651" ind1=" " ind2="0">
    <subfield code="a">Spain</subfield>
    <subfield code="x">Church history.</subfield>
  </datafield>
  <datafield tag="651" ind1=" " ind2="0">
    <subfield code="a">Italy</subfield>
    <subfield code="x">Church history.</subfield>
  </datafield>
  <datafield tag="651" ind1=" " ind2="0">
    <subfield code="a">Spain</subfield>
    <subfield code="x">Intellectual life.</subfield>
  </datafield>
  <datafield tag="700" ind1="1" ind2=" ">
    <subfield code="a">Mart&#xED;nez Mill&#xE1;n, Jos&#xE9;,</subfield>
    <subfield code="e">editor.</subfield>
  </datafield>
  <datafield tag="700" ind1="1" ind2=" ">
    <subfield code="a">Rivero Rodr&#xED;guez, Manuel,</subfield>
    <subfield code="d">1962-</subfield>
    <subfield code="e">editor.</subfield>
  </datafield>
  <datafield tag="711" ind1="2" ind2=" ">
    <subfield code="a">Congreso sobre Centros de Poder Italianos en la Monarqu&#xED;a Hispana (Siglos XV-XVIII)</subfield>
    <subfield code="d">(2008 :</subfield>
    <subfield code="c">Madrid, Spain),</subfield>
    <subfield code="e">author.</subfield>
  </datafield>
  <datafield tag="710" ind1="2" ind2=" ">
    <subfield code="a">Universidad Aut&#xF3;noma de Madrid,</subfield>
    <subfield code="e">host institution.</subfield>
  </datafield>
  <datafield tag="710" ind1="2" ind2=" ">
    <subfield code="a">Fundaci&#xF3;n L&#xE1;zaro Galdiano,</subfield>
    <subfield code="e">sponsoring body.</subfield>
  </datafield>
  <datafield tag="791" ind1="2" ind2=" ">
    <subfield code="a">Digitalia (Firm),</subfield>
    <subfield code="e">distributor.</subfield>
  </datafield>
  <datafield tag="793" ind1="0" ind2=" ">
    <subfield code="g">Digitalia eBook Collection:</subfield>
    <subfield code="a">Ediciones Polifemo</subfield>
  </datafield>
  <datafield tag="776" ind1="0" ind2="8">
    <subfield code="i">Print version:</subfield>
    <subfield code="t">Centros de poder italianos en la monarqu&#xED;a hisp&#xE1;nica (siglos XV-XVIII). Volumen III.</subfield>
    <subfield code="d">Madrid : Ediciones Polifemo, 2010</subfield>
    <subfield code="z">9788496813380</subfield>
  </datafield>
  <datafield tag="830" ind1=" " ind2="0">
    <subfield code="a">Colecci&#xF3;n La Corte en Europa.</subfield>
    <subfield code="p">Temas ;</subfield>
    <subfield code="v">3:3.</subfield>
  </datafield>
  <datafield tag="856" ind1="4" ind2="0">
    <subfield code="3">Digitalia Hisp&#xE1;nica</subfield>
    <subfield code="u">https://www.digitaliapublishing.com/a/19036/</subfield>
  </datafield>
  <datafield tag="910" ind1=" " ind2=" ">
    <subfield code="a">Premium Collection: 2007-2012</subfield>
  </datafield>
  <datafield tag="942" ind1=" " ind2=" ">
    <subfield code="c">RAA</subfield>
  </datafield>
  <datafield tag="952" ind1=" " ind2=" ">
    <subfield code="0">0</subfield>
    <subfield code="1">0</subfield>
    <subfield code="4">0</subfield>
    <subfield code="7">0</subfield>
    <subfield code="8">DEH</subfield>
    <subfield code="a">BD-UIN</subfield>
    <subfield code="b">BD-UIN</subfield>
    <subfield code="d">2025-04-25</subfield>
    <subfield code="l">0</subfield>
    <subfield code="r">2025-04-25</subfield>
    <subfield code="w">2025-04-25</subfield>
    <subfield code="y">RAA</subfield>
  </datafield>
  <datafield tag="999" ind1=" " ind2=" ">
    <subfield code="c">236242</subfield>
    <subfield code="d">236242</subfield>
  </datafield>
</record>
